000 00354nam a2200133Ia 4500
008 150201s2008 xx 000 0 und d
082 _a4
_bYAD
100 _aYadav,D.S
245 _aFoundations of information technology
250 _a3rd Rev. Ed.
260 _bNew Age International Publication
_aNew Delhi
_c2008
300 _a463p.
942 _2ddc
_cBK
_02
999 _c4936
_d4936